000 00625nam a22002297a 4500
003 UA-OsUOA
001 48131
007 ta
008 20070830b un ||||| |||| 00| 0 ukr d
100 _aБорис Сучков
090 _a82,09
_bБ82
942 _cBK
040 _aUA-OsUOA
_brus
_cUA-OsUOA
_dUA-OsUOA
245 _aИсторические судьбы реализма
300 _a239 с.
955 _a2
041 _arus
080 _a82,09
260 _aМ.
_bСоветский писатель
_c1970
650 7 _a82 Література. Літературознавство
_2UDC
999 _c334239
_d334239